| 000 | 00511nmm a2200169Ia 4500 | ||
|---|---|---|---|
| 008 | 251105s9999||||xx |||||||||||||||||und|| | ||
| 020 | _a9788499405353 | ||
| 041 | _aspa | ||
| 100 | _aDardel, Eric | ||
| 245 | 0 | _aEl hombre y la tierra : Naturaleza de la realidad geográfica | |
| 264 |
_a[Madrid, España] : _bBiblioteca Nueva, _c2013 |
||
| 300 | _a168 páginas | ||
| 490 | _aPaisaje y teoría | ||
| 650 | _aEnvironmental Sciences | ||
| 856 | _uhttps://public.digitaliapublishing.com/a/27688 | ||
| 942 | _cCF | ||
| 999 |
_c92727 _d92727 |
||